| 000 | 01020nam a2200229Ia 4500 | ||
|---|---|---|---|
| 999 |
_c38137 _d38137 |
||
| 001 | 4127 | ||
| 003 | GE_BSU | ||
| 005 | 20190919155755.0 | ||
| 008 | 181216s2004||||ge |||||||||||||| ||geo|| | ||
| 040 | _cGE_BSU | ||
| 041 | _ageo | ||
| 080 | _a39(479.223) მ-45 | ||
| 100 |
_aმგელაძე, ნუგზარ _91897 |
||
| 245 |
_aაჭარული ნოგრო და გვარი / _cნუგზარ მგელაძე; რედ.: ალექსი რობაქიძე ; |
||
| 264 |
_a ბათუმი : _bგამ-ბა აჭარა, _c2004. |
||
| 300 |
_a310 გვ. ; _b20 სმ. |
||
| 653 | _aქართული ოჯახი | ||
| 653 | _aნათესაური ურთიერთობები საქართველოში | ||
| 700 |
_aრობაქიძე, ალექსი _eრედაქტორი _94139 |
||
| 711 |
_a საქ. მეცნ. აკად., ბათუმის ს/კ ინ-ტი. _94140 |
||
| 942 |
_cBK _2udc |
||